Представление документа в формате MARC21

ПолеНазваниеЗначение
  Тип записи a
  Библиографический уровень m
001 Контрольный номер BIBLIOCLUB\0000718253
005 Дата корректировки 20260430154902.7
006 m o d
007 Элементы данных для физической характеристики c|||||||||||||
008 Кодируемые данные s2024 rus o rus d
041 Код языка издания 0_
a Код языка текста rus
084 Индекс другой классификации/Индекс ББК __
a Индекс другой классификации/Индекс ББК 40.72я73
b Номер единицы LBC/PL
2 Источник индекса rubbk
100 Автор 1_
a Автор Халанский В. М.
245 Заглавие 10
a Заглавие Сельскохозяйственные машины
b Продолж. заглавия учебник
c Ответственность В. М. Халанский, И. В. Горбачев
260 Выходные данные __
a Место издания Санкт-Петербург
b Издательство Квадро
c Дата издания 2024
300 Физическое описание __
a Объем 624 с.
b Иллюстрации/ тип воспроизводства ил., табл.
490 Серия 1_
a Заглавие серии Учебники и учебные пособия для высших учебных заведений
653 Ключевые слова 1_
a Ключевые слова Учебник для высшей школы
700 Другие авторы _1
a Другие авторы Горбачев И. В.
830 Заголовок добавочной библ.записи на серию - унифицированное заглавие _0
a Унифицированное заглавие Учебники и учебные пособия для высших учебных заведений
856 Электронный адрес документа 40
3 Область применения данных поля Университетская библиотека ONLINE
u URL https://biblioclub.ru/index.php?page=book&id=718253
900 Электронные ресурсы __
a Имя электронного ресурса https://img.biblioclub.ru/sm_cover/7090f2b74c43950bbca8a9baeb83441c09hw2t25jb/cover.jpg